| 000 | 00346nam a22001337a 4500 | ||
|---|---|---|---|
| 999 |
_c13521 _d13521 |
||
| 020 | _a9788174390653 | ||
| 082 |
_a609 _bYEN |
||
| 100 | _aBill Yenne | ||
| 245 | _a100 Events and Inventions that shaped world history | ||
| 260 |
_aNew delhi _bGemini Books _c2002 |
||
| 300 | _a112 pages | ||
| 650 | _aEvents, Inventions, World History | ||
| 942 | _cBK | ||